000 00476nam a22001817a 4500
003 CEME
005 20210628203402.0
008 210128b xxu||||| |||| 00| 0 eng d
020 _a9780755330027
040 _c.
082 _a813.54 KID
100 _aKidd, Sue Monk
_965121
245 _aThe secret life of bees
260 _aLONDON
_bROUTELDGE
_c2001
300 _a375P
650 _aTEENAGE GIRLS-FICTION.SISTERS-FICTION. SECRET LIFE OF BEES
_965122
942 _cBK
_2ddc
999 _c573428
_d573428